Developing strategies for the Future: Feminist Perspectives /
Uloženo v:
| Korporativní autor: | |
|---|---|
| Médium: | Kniha |
| Jazyk: | English |
| Vydáno: |
New York:
University of the West Indies;
1980.
|
| Témata: | |
| Tagy: |
Přidat tag
Žádné tagy, Buďte první, kdo vytvoří štítek k tomuto záznamu!
|
MARC
| LEADER | 00000nam a2200000 4500 | ||
|---|---|---|---|
| 003 | cru IIS | ||
| 005 | 20220722103120.0 | ||
| 008 | 220722b1980 nyu||||| |||| 00| 0 eng d | ||
| 020 | |a [sin ISBN] | ||
| 040 | |a Centro de Recursos para el Aprendizaje y la Investigación |c cru IIS | ||
| 090 | |a 05.03.07 D489d | ||
| 110 | |9 10611 |a University of the West Indies | ||
| 245 | 1 | |a Developing strategies for the Future: |b Feminist Perspectives / |c University of the West Indies. | |
| 260 | |a New York: |b University of the West Indies; |c 1980. | ||
| 300 | |a 44 páginas. | ||
| 650 | 0 | 4 | |0 TESAUROS |2 OCDE |9 1969 |a ORGANIZACIONES FEMENINAS |
| 650 | 0 | 0 | |2 OCDE |9 3 |a MOVIMIENTOS SOCIALES |0 TESAUROS |
| 852 | 1 | 1 | |a 05.03.07 D489d |
| 942 | |2 ddc |c LI |h 05.03.07 D489d |k 05.03.07 |m D489d |6 050307_D489D | ||
| 999 | |c 44419 |d 44419 | ||
